Datum a čas kvízu
40
Celkem bodů
Celkový počet nahraných bodů na tomto kvízu bez doplňovacích otázek.
4.
Pořadí na kvízu
Konečné umístění týmu na tomto kvízu.
Zaznamenané odpovědi
| # | Otázka | Odpověď | Body | Výsledky |
|---|---|---|---|---|
| 1. | Frankenstein nebo Babica, tak... | Bruntálu | 1 | |
| 2. | K oslavám Díkůvzdání, které pr... | milost (život) | 1 | |
| 3. | Streamovací platforma Netflix... | Stranger Things | 1 | |
| 4. | Která automobilka představila... | Škoda Auto | 1 | |
| 5. | Za který tým hrál minulý týden... | Arsenal | 0 | |
| 6. | Seřaďte tyto ostrovy dle rozlo... | 1D 2B 3A 4C | 1 | |
| 7. | Nyní přiřaďte ostrovy ke států... | 1C 2B 3A 4D | 1 | |
| 8. | Kterému ostrovnímu středomořsk... | Kypr | 0 | |
| 9. | Nyní si odskočíme ke kinematog... | Řek Zorba, Anthony Quinn | 1 | |
| 10. | Ke kterému středomořskému ostr... | Elba | 1 |